[Event "Match"]
[Site "www.echecsemail.com"]
[Date "2016.04.26"]
[Round "1"]
[White "Mitja"]
[Black "Bojan"]
[WhiteElo "1840"]
[BlackElo "1800"]
[Result "1-0"]
[Round "1"]
1.d4 g6
2.e3 Bf8g7
3.Ng1f3 d5
4.h3 a6
5.c3 Qd8d6
6.Bf1e2 Ng8f6
7.Nb1d2 Nf6e4
8.Be2d3 f5
9.Bd3e2 Bc8d7
10.Nd2xe4 dxe4
11.Nf3d2 Nb8c6
12.Nd2b3 b6
13.Qd1c2 e5
14.dxe5 Nc6xe5
15.O-O Qd6f6
16.Nb3d4 c5
17.Nd4b3 Ra8d8
18.Nb3d2 b5
19.b3 Bd7e6
20.Bc1b2 Qf6g5
21.Kh1 Qg5e7
22.Ra1d1 Kf7
23.c4 b4
24.Nd2b1 g5
25.Rd1xd8 Rh8xd8
26.Rf1d1 Kg6
27.Rd1xd8 Qe7xd8
28.a3 a5
29.axb4 axb4
30.Nb1d2 h5
31.Nd2f1 g4
32.h4 Qd8xh4
33.Kg1 Qh4e7
34.Nf1g3 Be6d7
35.Qc2d2 h4
36.Ng3f1 Bd7c8
37.Qd2d5 Ne5d7
38.Bb2xg7 Kxg7
39.Qd5xf5 Nd7b6
40.Qf5h5 h3
41.Be2xg4 hxg2
42.Kxg2 Bc8xg4
43.Qh5xg4 Kf7
44.Qg4h5 Kg7
45.Nf1g3 Kf6
46.Qh5h6 { resign }
1-0

[Event "Match"]
[Site "www.echecsemail.com"]
[Date "2016.04.26"]
[Round "1"]
[White "Olddog55"]
[Black "Daquata"]
[WhiteElo "1620"]
[BlackElo "1590"]
[Result "0-1"]
[Round "1"]
1.d4 Ng8f6
2.Ng1f3 d5
3.e3 Nb8c6
4.b3 Bc8g4
5.Bf1e2 e6
6.Nf3e5 Nc6xe5
7.dxe5 Bg4xe2
8.Qd1xe2 Nf6d7
9.Bc1b2 Bf8c5
10.O-O O-O
11.f4 f6
12.Rf1f3 fxe5
13.Kh1 exf4
14.exf4 Nd7f6
15.Qe2xe6 Kh8
16.Nb1c3 d4
17.Nc3e2 Rf8e8
18.Qe6c4 Bc5b6
19.Rf3g3 Qd8e7
20.Ra1e1 Ra8d8
21.Rg3d3 Nf6g4
22.Re1f1 Qe7xe2
23.Rd3d1 Qe2xc4
24.bxc4 d3
{ resign }
0-1

[Event "Match"]
[Site "www.echecsemail.com"]
[Date "2016.04.26"]
[Round "1"]
[White "Pinehill"]
[Black "Silent1"]
[WhiteElo "2120"]
[BlackElo "1820"]
[Result "1/2-1/2"]
[Round "1"]
1.e4 e5
2.d4 exd4
3.Bf1c4 d6
4.Ng1f3 Bf8e7
5.O-O Ng8f6
6.e5 dxe5
7.Nf3xe5 O-O
8.Rf1e1 c5
9.Bc1f4 Bc8e6
10.c3 Be6xc4
11.Ne5xc4 Nb8c6
12.cxd4 Nf6d5
13.Bf4e5 cxd4
14.Be5xd4 Nc6xd4
15.Qd1xd4 Be7f6
16.Qd4d2 Nd5c7
17.Nb1c3 Qd8xd2
18.Nc4xd2 Bf6xc3
19.bxc3 Rf8e8
20.g3 g6
21.Nd2b3 Re8xe1
22.Ra1xe1 Kf8
{ draw }
1/2-1/2

[Event "Match"]
[Site "www.echecsemail.com"]
[Date "2016.04.26"]
[Round "1"]
[White "Ztornad"]
[Black "Fangshuo"]
[WhiteElo "1770"]
[BlackElo "2130"]
[Result "0-1"]
[Round "1"]
1.e4 e6
2.Ng1f3 d5
3.e5 c5
4.Bf1b5 Bc8d7
5.Bb5xd7 Nb8xd7
6.d4 Qd8b6
7.Nb1a3 Ng8e7
8.O-O Ne7f5
9.c3 cxd4
10.Nf3xd4 Nf5xd4
11.Qd1xd4 Bf8c5
12.Qd4d2 Bc5xa3
13.bxa3 Nd7xe5
14.h3 O-O
15.Bc1b2 Ne5c4
16.Qd2e2 Qb6xb2
17.Qe2xb2 Nc4xb2
18.Ra1b1 Nb2a4
19.Rb1b3 b6
20.Rf1d1 Ra8c8
21.Rb3b4 Na4xc3
22.Rd1d2 Nc3e4
23.Rd2e2 Rc8c1
24.Kh2 Ne4c3
25.Re2d2 Rc1a1
26.Rb4b2 Rf8c8
27.Rb2c2 Ra1d1
28.Rd2xd1 f6
29.Rd1e1 e5
30.f3 d4
31.g4 Rc8c4
32.Kg3 Rc4a4
33.f4 exf4
34.Kxf4 d3
35.Kf5 dxc2
36.Re1c1 Nc3d1
37.Ke6 Nd1e3
38.g5 f5
39.h4 Ra4d4
40.Rc1e1 Rd4d1
41.Re1xe3 c1Q
42.Re3e5 Qc1c8
43.Ke7 Qc8d7
{ resign }
0-1

[Event "Match"]
[Site "www.echecsemail.com"]
[Date "2016.04.26"]
[Round "1"]
[White "Raulazo"]
[Black "Billyg"]
[WhiteElo "1920"]
[BlackElo "1550"]
[Result "1-0"]
[Round "1"]
1.e4 e6
2.d4 d5
3.e5 Nb8d7
4.Ng1f3 h6
5.c4 Bf8b4
6.Bc1d2 Bb4xd2
7.Nb1xd2 f6
8.c5 c6
9.Bf1d3 b6
10.Bd3g6 Ke7
11.O-O bxc5
12.dxc5 Nd7xc5
13.Ra1c1 Qd8b6
14.Qd1c2 f5
15.Qc2xc5 Qb6xc5
16.Rc1xc5 h5
17.Rc5xc6 Rh8h6
18.Nf3h4 Kd7
19.Rc6d6 Ke7
20.Nd2f3 Kf8
21.Nf3g5 Bc8b7
22.Rd6xe6 Bb7c8
23.Re6e8 { resign }
1-0

[Event "1/32 Finale"]
[Site "www.chess-mail.com"]
[Date "2016.04.26"]
[Round "1"]
[White "Ffdd65"]
[Black "Genius7"]
[WhiteElo "2230"]
[BlackElo "2120"]
[Result "0-1"]
[Round "1"]
1.e4 e5
2.Ng1f3 d6
3.d4 exd4
4.Nf3xd4 Ng8f6
5.Nb1c3 Bf8e7
6.Bf1e2 O-O
7.O-O c6
8.Bc1e3 Qd8c7
9.Be3f4 Nb8d7
10.b4 Nd7e5
11.h3 Rf8e8
12.Nd4f5 Bc8xf5
13.exf5 d5
14.Qd1d4 Be7d6
15.Bf4g5 Ne5d7
16.f4 Qc7b6
17.Qd4xb6 axb6
18.Be2f3 Bd6xb4
19.Nc3e2 Bb4d6
20.Rf1b1 b5
21.Bg5h4 Ra8a4
22.g3 Bd6c5
23.Kg2 Re8a8
24.Rb1b2 h6
25.c3 Nf6e8
26.g4 Ne8d6
27.Bh4f2 Bc5xf2
28.Kxf2 Nd7c5
29.Rb2d2 Nc5e4
30.Ke3 Ne4xd2
31.Kxd2 Ra4xa2
32.Ra1xa2 Ra8xa2
33.Kc1 Nd6c4
34.Kb1 Ra2a4
35.Kc2 Ra4a2
36.Kb3 Ra2b2
{ resign }
0-1

[Event "Fast Game"]
[Site "www.echecsemail.com"]
[Date "2016.04.26"]
[Round "1"]
[White "Mrynmryn"]
[Black "Cal"]
[WhiteElo "1599"]
[BlackElo "1560"]
[Result "1/2-1/2"]
[Round "1"]
1.Ng1f3 d5
2.d4 h6
3.Bc1f4 Ng8f6
4.h3 Nb8c6
5.e3 Bc8f5
6.a3 a6
7.c4 dxc4
8.Bf1xc4 e6
9.O-O Bf8d6
10.Bf4xd6 cxd6
11.Nb1c3 b5
12.Bc4d3 Bf5xd3
13.Qd1xd3 O-O
14.Rf1c1 Nc6a5
15.Rc1c2 Na5c4
16.b3 Nc4b6
17.Nc3e4 Nb6d5
18.Ne4xf6 Qd8xf6
19.Rc2c6 b4
20.Rc6xa6 Ra8c8
21.Ra6xd6 Rc8c3
22.Qd3d1 Qf6f5
23.axb4 Nd5xb4
24.Ra1c1 Rc3d3
25.Nf3d2 e5
26.dxe5 Qf5xe5
27.Rd6xd3 Nb4xd3
28.Nd2c4 Qe5f5
29.Rc1c2 Rf8b8
30.Qd1b1 Nd3c5
31.Rc2b2 Qf5xb1
32.Rb2xb1 Rb8xb3
33.Rb1xb3 Nc5xb3
34.f4 Nb3c5
35.g4 Nc5e4
36.Kg2 g6
37.Kf3 f5
38.Nc4e5 Kg7
{ draw }
1/2-1/2

[Event "Tourn. n8657"]
[Site "www.chess-mail.com"]
[Date "2016.04.27"]
[Round "1"]
[White "Gatrooper"]
[Black "Cardiff"]
[WhiteElo "1670"]
[BlackElo "1600"]
[Result "0-1"]
[Round "1"]
1.e4 c5
2.c4 Nb8c6
3.Ng1f3 d6
4.Nb1c3 g6
5.Nc3d5 Bf8g7
6.Nf3g5 Ng8f6
7.d3 O-O
8.h3 Nf6xd5
9.h4 Nd5f6
10.a3 h6
11.Ng5f3 Bc8g4
12.Bf1e2 Bg4xf3
13.Be2xf3 Nc6d4
14.Bc1e3 Nd4xf3
15.gxf3 a6
16.f4 h5
17.Qd1c2 Nf6g4
18.Be3d2 b5
19.O-O-O Ng4xf2
20.Rh1g1 Nf2xd1
21.Rg1xd1 Qd8c7
22.Bd2c3 Bg7xc3
23.Qc2xc3 b4
24.axb4 cxb4
25.Qc3xb4 Rf8b8
26.Qb4c3 a5
27.Kd2 Rb8b4
28.Ke1 Ra8b8
29.f5 Rb4xb2
30.fxg6 fxg6
31.Rd1d2 Rb8b3
32.Qc3d4 Rb2xd2
33.Kxd2 Qc7b6
34.c5 Qb6xc5
35.Qd4a4 Qc5c3
36.Ke2 Qc3xd3
37.Kf2 Qd3c2
38.Ke1 Rb3b1
{ resign }
0-1

[Event "Tourn. n8669"]
[Site "www.chess-mail.com"]
[Date "2016.04.27"]
[Round "1"]
[White "Ericleo1980"]
[Black "Emiondi"]
[WhiteElo "2230"]
[BlackElo "2200"]
[Result "1/2-1/2"]
[Round "1"]
1.e4 e5
2.Ng1f3 Nb8c6
3.Bf1b5 Ng8f6
4.O-O d6
5.h3 Bc8d7
6.Rf1e1 Bf8e7
7.c3 O-O
8.d4 h6
9.Nb1d2 Nc6xd4
10.cxd4 Bd7xb5
11.dxe5 dxe5
12.Nf3xe5 Nf6d7
13.Ne5g4 Nd7c5
14.Ng4xh6 gxh6
15.Qd1h5 Nc5d3
16.Re1e3 Kh7
17.Qh5f5 Kh8
18.Qf5h5 Kh7
19.Qh5f5 Kh8
20.Qf5h5 Kh7
21.Qh5f5 Kh8
22.Qf5h5 Kh7
23.Qh5f5 Kh8
{ draw }
1/2-1/2

[Event "Tourn. n8694"]
[Site "www.chess-mail.com"]
[Date "2016.04.27"]
[Round "1"]
[White "Genius1"]
[Black "Gatrooper"]
[WhiteElo "1500"]
[BlackElo "1570"]
[Result "1/2-1/2"]
[Round "1"]
1.Ng1f3 Nb8c6
2.c4 Ng8f6
3.d4 e6
4.Nb1c3 a6
5.e4 d6
6.Bf1e2 e5
7.d5 Nc6b4
8.a3 Nb4xd5
9.cxd5 Bc8g4
10.O-O Bg4xf3
11.Be2xf3 h6
12.Qd1e2 Bf8e7
13.Bc1e3 c6
14.Rf1d1 c5
15.Ra1c1 Qd8d7
16.b4 cxb4
17.axb4 O-O
18.b5 a5
19.Rc1a1 Nf6h7
20.Rd1b1 Ra8c8
21.Rb1c1 Nh7f6
22.Ra1xa5 Be7d8
23.Ra5a1 b6
24.h3 Nf6h7
25.Bf3g4 f5
26.Bg4xf5 Rf8xf5
27.exf5 Qd7xf5
28.Qe2c2 e4
29.Qc2xe4 Qf5f8
30.Be3d4 Bd8g5
31.Rc1e1 { draw }
1/2-1/2

[Event "Tourn. n8670"]
[Site "www.chess-mail.com"]
[Date "2016.04.27"]
[Round "1"]
[White "Cardiff"]
[Black "Sik"]
[WhiteElo "1700"]
[BlackElo "1680"]
[Result "0-1"]
[Round "1"]
1.d4 d5
2.Ng1f3 Bc8g4
3.c3 Bg4xf3
4.exf3 g6
5.Bf1d3 Bf8g7
6.O-O Nb8d7
7.Rf1e1 e6
8.Nb1d2 c5
9.dxc5 Nd7xc5
10.Bd3b5 Nc5d7
11.Nd2b3 Ng8e7
12.Nb3c5 Ne7c6
13.Qd1xd5 a6
14.Bb5xc6 bxc6
15.Nc5xe6 fxe6
16.Qd5xe6 Kf8
17.Bc1f4 Bg7f6
18.Bf4d6 Kg7
19.Ra1d1 Rh8e8
20.Qe6xe8 Qd8xe8
{ resign }
0-1

[Event "Tourn. n8705"]
[Site "www.chess-mail.com"]
[Date "2016.04.27"]
[Round "1"]
[White "Osopanda"]
[Black "Attatroll"]
[WhiteElo "1950"]
[BlackElo "1940"]
[Result "0-1"]
[Round "1"]
1.d4 Ng8f6
2.Ng1f3 g6
3.c4 Bf8g7
4.Nb1c3 d6
5.e4 O-O
6.Bf1d3 c6
7.O-O Bc8g4
8.h3 Bg4xf3
9.Qd1xf3 Nb8a6
10.a3 Nf6h5
11.Bc1e3 e5
12.dxe5 Bg7xe5
13.g4 Nh5g7
14.Ra1b1 Ng7e6
15.Be3h6 Rf8e8
16.Rf1e1 Ne6d4
17.Qf3g2 Qd8h4
18.Bh6e3 Na6c5
19.Rb1d1 Nc5xd3
20.Rd1xd3 Qh4f6
21.h4 c5
22.Nc3d5 Qf6xh4
23.Nd5f4 Nd4c2
24.Re1e2 Nc2xe3
25.fxe3 Ra8b8
26.Qg2h3 Qh4g5
27.Rd3d1 Be5xf4
28.exf4 Qg5xf4
29.Rd1f1 Qf4e5
30.Rf1f5 gxf5
31.gxf5 Qe5d4
32.Kh1 Qd4d1
{ resign }
0-1

[Event "Tourn. n8561"]
[Site "www.chess-mail.com"]
[Date "2016.04.27"]
[Round "1"]
[White "Norlavuaram"]
[Black "Huw"]
[WhiteElo "2100"]
[BlackElo "2220"]
[Result "0-1"]
[Round "1"]
1.e4 c5
2.Ng1f3 Nb8c6
3.d4 cxd4
4.Nf3xd4 d6
5.Bc1e3 Ng8f6
6.Nb1d2 g6
7.Bf1c4 Bf8g7
8.f3 a6
9.c3 Nc6a5
10.Bc4d3 b5
11.O-O O-O
12.Kh1 Bc8b7
13.Nd2b3 Na5xb3
14.Nd4xb3 Nf6d7
15.Qd1d2 Nd7e5
16.Bd3e2 d5
17.exd5 Bb7xd5
18.Ra1d1 Ne5c4
19.Be2xc4 Bd5xc4
20.Qd2xd8 Ra8xd8
21.Rf1e1 e5
22.Be3c5 Rd8xd1
23.Re1xd1 Rf8a8
24.Nb3c1 Ra8c8
25.Bc5e3 Kf8
26.Kg1 Ke7
27.Kf2 Rc8d8
28.Rd1xd8 Kxd8
29.b3 Bc4e6
30.Nc1e2 Kd7
31.f4 exf4
32.Be3xf4 Be6f5
33.a4 bxa4
34.bxa4 a5
35.Ke3 Bf5c2
36.Ne2d4 Bc2xa4
37.Kd3 Bg7f8
38.Nd4f3 Ba4c6
39.Nf3e5 Kc7
40.Ne5xf7 Kb6
41.g3 a4
42.Bf4c1 a3
43.Nf7e5 a2
44.Bc1b2 Bf8c5
45.Ne5xc6 Kxc6
46.Ke4 Bc5a3
47.Bb2a1 Kc5
48.Kd3 g5
49.c4 Kb4
50.c5 Kxc5
51.Kc3 Kd5
52.Kd3 g4
53.Ba1f6 Ba3d6
54.Kc2 Bd6e5
{ resign }
0-1

[Event "Tourn. n8678"]
[Site "www.chess-mail.com"]
[Date "2016.04.27"]
[Round "1"]
[White "Genius7"]
[Black "Osopanda"]
[WhiteElo "1810"]
[BlackElo "2030"]
[Result "1-0"]
[Round "1"]
1.Ng1f3 Ng8f6
2.c4 d6
3.d4 c6
4.g3 g6
5.Bf1g2 Bf8g7
6.O-O O-O
7.Nb1c3 Qd8c7
8.e4 e5
9.dxe5 dxe5
10.b4 Bc8e6
11.Qd1e2 Nb8d7
12.Bc1b2 Ra8d8
13.Rf1d1 Nd7b6
14.Nf3d2 Bg7h6
15.c5 Nb6c8
16.Nd2c4 Nc8e7
17.Nc4d6 Kg7
18.a4 Nf6e8
19.Nd6xe8 Rf8xe8
20.Rd1xd8 Re8xd8
21.Ra1d1 Rd8xd1
22.Qe2xd1 f5
23.Qd1d3 fxe4
24.Nc3xe4 Be6d5
25.Ne4d6 Ne7f5
26.Bb2xe5 Kg8
27.Bg2xd5 cxd5
28.Qd3xd5 Kf8
29.Nd6xf5 { resign }
1-0

[Event "Tourn. n8665"]
[Site "www.chess-mail.com"]
[Date "2016.04.27"]
[Round "1"]
[White "Fred"]
[Black "Difficult"]
[WhiteElo "2040"]
[BlackElo "1890"]
[Result "0-1"]
[Round "1"]
1.e4 c6
2.f4 d5
3.e5 g6
4.d4 Bf8g7
5.Ng1f3 Bc8g4
6.Bf1d3 e6
7.h3 Bg4xf3
8.Qd1xf3 Ng8e7
9.Bc1e3 Nb8d7
10.Nb1d2 Qd8c7
11.c3 b6
12.O-O O-O
13.Qf3g4 c5
14.Nd2f3 c4
15.Bd3e2 Ne7f5
16.Be3f2 h5
17.Qg4xf5 exf5
18.Nf3g5 b5
19.e6 fxe6
20.Ng5xe6 Qc7d6
21.Ne6xf8 Ra8xf8
22.Ra1e1 Rf8e8
23.Bf2h4 Bg7f6
24.Bh4xf6 Nd7xf6
25.Be2f3 Re8xe1
26.Rf1xe1 Nf6e4
27.g4 hxg4
28.hxg4 Qd6xf4
29.Bf3xe4 dxe4
30.gxf5 gxf5
31.Re1e2 Qf4f3
32.Re2g2 Kf7
33.Rg2f2 Qf3e3
{ resign }
0-1

[Event "Tourn. n8675"]
[Site "www.chess-mail.com"]
[Date "2016.04.27"]
[Round "1"]
[White "Cal"]
[Black "Matchbox"]
[WhiteElo "1680"]
[BlackElo "1690"]
[Result "1-0"]
[Round "1"]
1.d4 d5
2.h3 Ng8f6
3.Ng1f3 e6
4.a3 c5
5.dxc5 Bf8xc5
6.Nb1c3 O-O
7.e3 Nb8c6
8.Bf1b5 Bc8d7
9.Bb5xc6 Bd7xc6
10.Nc3e2 a5
11.c3 b5
12.O-O Qd8e7
13.Nf3e5 Bc6b7
14.Ne2f4 Rf8d8
15.Bc1d2 Bc5d6
16.Ne5f3 Nf6e4
17.Nf4h5 Ne4xd2
18.Qd1xd2 Ra8c8
19.Nf3d4 Bb7c6
20.f4 Bd6c5
21.Nd4f3 b4
22.axb4 axb4
23.Nf3e5 Bc6b5
24.Ra1a5 bxc3
25.bxc3 Rc8b8
26.Rf1f3 g6
27.Nh5g3 Bb5c4
28.Ne5c6 Rb8b1
29.Kh2 Qe7c7
30.Ra5xc5 Qc7d6
31.Qd2d4 Rd8d7
32.h4 Rb1b6
33.Nc6e5 Rd7b7
34.h5 { resign }
1-0

[Event "Tourn. n8676"]
[Site "www.chess-mail.com"]
[Date "2016.04.27"]
[Round "1"]
[White "George1955"]
[Black "Cathar"]
[WhiteElo "2770"]
[BlackElo "2240"]
[Result "1-0"]
[Round "1"]
1.e4 e5
2.Ng1f3 Nb8c6
3.Bf1b5 a6
4.Bb5a4 Ng8f6
5.O-O Bf8e7
6.Rf1e1 b5
7.Ba4b3 d6
8.c3 O-O
9.h3 Nc6b8
10.d4 Nb8d7
11.Nb1d2 Bc8b7
12.Bb3c2 Rf8e8
13.Nd2f1 Be7f8
14.Nf1g3 g6
15.a4 c5
16.d5 c4
17.Bc1g5 Nd7c5
18.Qd1d2 Bf8e7
19.Bg5h6 Nf6d7
20.Nf3h2 Nc5xa4
21.Bc2xa4 bxa4
22.Ra1xa4 a5
23.Nh2g4 Bb7a6
24.Bh6e3 Qd8c7
25.Ng4h6 Kg7
26.Qd2e2 Ba6b5
27.Ra4a3 a4
28.Qe2f3 f6
29.h4 Nd7c5
30.Ng3f5 gxf5
31.Qf3g3 { resign }
1-0

[Event "Tourn. n8636"]
[Site "www.chess-mail.com"]
[Date "2016.04.27"]
[Round "1"]
[White "Andychesston"]
[Black "Francesco"]
[WhiteElo "1930"]
[BlackElo "2020"]
[Result "1/2-1/2"]
[Round "1"]
1.e4 e5
2.Ng1f3 Ng8f6
3.Nb1c3 Bf8b4
4.Nf3xe5 d6
5.Ne5f3 Bb4xc3
6.bxc3 O-O
7.d3 Bc8g4
8.Bf1e2 Rf8e8
9.Ra1b1 b6
10.Bc1b2 Nb8d7
11.O-O d5
12.Nf3d4 Bg4xe2
13.Nd4xe2 dxe4
14.c4 c5
15.Ne2f4 Qd8c7
16.Qd1d2 Ra8d8
17.Rf1e1 Nd7e5
18.Re1e3 Ne5xc4
19.Qd2e2 Nc4xe3
20.fxe3 exd3
21.Nf4xd3 Nf6d5
22.Qe2g4 f6
23.Qg4c4 Re8xe3
24.Nd3f4 Qc7c6
25.Rb1d1 b5
26.Qc4f1 c4
27.Bb2c1 Re3e7
28.Qf1f3 Re7d7
29.Nf4h5 Nd5e7
30.Rd1xd7 Qc6xd7
31.Bc1e3 Qd7d1
32.Qf3xd1 Rd8xd1
33.Kf2 Rd1a1
34.Be3c5 Ne7d5
35.a3 Ra1a2
36.Kf3 Ra2xc2
37.Bc5xa7 Rc2c3
38.Ke4 Rc3d3
39.Ba7c5 Nd5c3
40.Kf4 Kf7
41.Bc5b4 Nc3d5
42.Ke4 Nd5xb4
43.axb4 Rd3d2
44.Nh5f4 g5
45.Nf4d5 Rd2xg2
46.Nd5c3 Rg2xh2
{ draw }
1/2-1/2

[Event "Tourn. n8716"]
[Site "www.chess-mail.com"]
[Date "2016.04.27"]
[Round "1"]
[White "Estonia"]
[Black "Jackbauer"]
[WhiteElo "1990"]
[BlackElo "1940"]
[Result "1-0"]
[Round "1"]
1.d4 d5
2.Ng1f3 e6
3.c4 Ng8f6
4.Nb1c3 c5
5.e3 Nb8c6
6.cxd5 exd5
7.Bf1b5 Bc8d7
8.O-O Bf8e7
9.dxc5 Be7xc5
10.Nc3xd5 Bc5e7
11.Nd5xe7 Qd8xe7
12.Bc1d2 O-O-O
13.Qd1c2 Kb8
14.Bb5xc6 Bd7xc6
15.Bd2c3 Rd8d5
16.Nf3d4 Rh8c8
17.Nd4xc6 Rc8xc6
18.Qc2e2 g6
19.Qe2f3 Nf6e4
20.Rf1c1 f5
21.h3 Ka8
22.Bc3d4 Qe7d7
23.Qf3e2 a6
24.g3 Qd7c7
25.Rc1xc6 Qc7xc6
26.Kh2 h5
27.a4 Qc6d6
28.Ra1c1 Kb8
29.h4 Qd6b4
30.Qe2c2 Rd5d8
31.f3 Ne4d2
32.Qc2c7 { resign }
1-0

[Event "Tourn. n8698"]
[Site "www.chess-mail.com"]
[Date "2016.04.27"]
[Round "1"]
[White "Piekki"]
[Black "Tonino1"]
[WhiteElo "2070"]
[BlackElo "2210"]
[Result "1-0"]
[Round "1"]
1.e4 c5
2.Nb1c3 e6
3.Bf1c4 Ng8e7
4.f4 d5
5.Bc4b5 Nb8c6
6.e5 Qd8b6
7.Ng1f3 Bc8d7
8.O-O Nc6xe5
9.fxe5 Bd7xb5
10.Nc3xb5 Qb6xb5
11.Nf3g5 Ne7f5
12.g4 Bf8e7
13.gxf5 Be7xg5
14.fxe6 f6
15.exf6 Bg5xf6
16.Qd1h5  { time }
1-0

[Event "Tourn. n8687"]
[Site "www.chess-mail.com"]
[Date "2016.04.27"]
[Round "1"]
[White "Bojan"]
[Black "Milkyway"]
[WhiteElo "2000"]
[BlackElo "1809"]
[Result "0-1"]
[Round "1"]
1.c4 g6
2.Nb1c3 Bf8g7
3.Qd1b3 Ng8f6
4.g3 c5
5.Bf1g2 Nb8c6
6.e3 O-O
7.Ng1e2 d6
8.Ne2f4 a6
9.d3 e5
10.Nf4d5 Nf6xd5
11.Nc3xd5 Nc6e7
12.Nd5c3 Ra8b8
13.Qb3c2 b5
14.cxb5 axb5
15.Ra1b1 Bc8f5
16.f4 b4
17.Nc3d5 exf4
18.exf4 Ne7xd5
19.Bg2xd5 Bg7d4
20.h3 Rf8e8
21.Kd1 Bf5e6
22.Qc2c4 Be6xd5
23.Qc4xd5 Qd8e7
24.Qd5f3 Qe7e6
25.a4 Qe6b3
26.Kd2 Bd4e3
27.Ke2 Be3xc1
28.Kf2 Qb3c2
{ resign }
0-1

[Event "Tourn. n8611"]
[Site "www.chess-mail.com"]
[Date "2016.04.27"]
[Round "1"]
[White "Snoopy"]
[Black "Yangqi"]
[WhiteElo "2369"]
[BlackElo "2650"]
[Result "0-1"]
[Round "1"]
1.b3 e5
2.Bc1b2 Nb8c6
3.e3 Ng8f6
4.Bf1b5 Bf8d6
5.Nb1a3 e4
6.Na3c4 Bd6e7
7.Bb5xc6 bxc6
8.Ng1e2 O-O
9.O-O d5
10.Nc4e5 Be7d6
11.Ne5xc6 Bd6xh2
12.Kxh2 Nf6g4
13.Kg1 Qd8d6
14.Ne2f4 Qd6h6
15.Nc6e7 Kh8
16.Nf4h3 Qh6d6
17.f4 Qd6xe7
18.f5 Qe7h4
19.Rf1f4 h5
20.Qd1e1 Qh4xe1
21.Ra1xe1 f6
22.Nh3f2 Ng4h6
23.Rf4h4 Bc8xf5
24.Rh4xh5 Kh7
25.g4 Bf5e6
26.Kg2 Kg6
27.Rh5h4 a5
28.a4 Nh6f7
29.Nf2h3 Nf7g5
30.Re1h1 Ng5xh3
31.Rh1xh3 c5
32.Kg3 Rf8b8
33.Rh3h1 c4
34.Kf4 cxb3
35.c3 Be6d7
36.Rh1a1 Kf7
37.g5 Rb8h8
38.Rh4xh8 Ra8xh8
39.gxf6 gxf6
40.Kg3 Ke6
41.Ra1a3 Rh8b8
42.Kf4 Rb8g8
43.Ra3xb3 Kf7
{ resign }
0-1

[Event "Tourn. n8640"]
[Site "www.chess-mail.com"]
[Date "2016.04.27"]
[Round "1"]
[White "Attatroll"]
[Black "Libiesse"]
[WhiteElo "2020"]
[BlackElo "2050"]
[Result "1-0"]
[Round "1"]
1.e4 c5
2.Ng1f3 e6
3.d4 cxd4
4.Nf3xd4 Ng8f6
5.Nb1c3 d6
6.Bf1d3 Nb8c6
7.Bc1e3 Bf8e7
8.O-O O-O
9.Nd4xc6 bxc6
10.Qd1e2 d5
11.exd5 cxd5
12.Be3d4 Bc8b7
13.a3 Qd8d7
14.Bd3b5 Qd7c7
15.Bb5a6 Bb7xa6
16.Qe2xa6 Be7c5
17.Nc3b5 Qc7b6
18.Qa6xb6 Bc5xb6
19.Bd4xb6 axb6
20.Nb5d4 Rf8c8
21.c3 e5
22.Nd4f5 Kf8
23.Rf1e1 Rc8e8
24.Nf5d6 Re8e6
25.Nd6b5 Ra8a5
26.Nb5c7 Re6e7
27.b4 Ra5a7
28.Nc7b5 Ra7a8
29.Ra1d1 Ra8d8
30.c4 d4
31.f4 e4
32.Rd1xd4 Rd8xd4
33.Nb5xd4 Ke8
34.Nd4f5 Re7c7
35.Kf2 g6
36.Nf5d6 Kf8
37.Nd6xe4 Kg7
38.Ne4xf6 Kxf6
39.Re1e4 Kf5
40.Kf3 Rc7d7
41.Re4e5 Kf6
42.c5 bxc5
43.bxc5 Rd7d3
44.Re5e3 Rd3d5
45.Re3c3 Ke6
46.a4 f5
47.a5 Kd7
48.a6 Kc7
49.g4 Rd5d8
50.a7 Kb7
51.Rc3a3 Rd8a8
52.gxf5 gxf5
53.Ke3 Ra8xa7
54.Ra3xa7 Kxa7
55.Kd4 Kb7
56.Kd5 Kc7
57.c6 h6
58.h4 h5
59.Ke5 Kxc6
60.Kxf5 { resign }
1-0

[Event "Tourn. n8751"]
[Site "www.chess-mail.com"]
[Date "2016.04.27"]
[Round "1"]
[White "Bojan"]
[Black "Amo"]
[WhiteElo "1850"]
[BlackElo "1809"]
[Result "1-0"]
[Round "1"]
1.c4 g6
2.Nb1c3 Bf8g7
3.d4 d6
4.Qd1c2 Bg7xd4
5.Ng1f3 Bd4xc3
6.Qc2xc3 f6
7.e4 e5
8.Bc1e3 b6
9.Nf3d2 Bc8e6
10.b4 Nb8c6
11.Bf1e2 a6
12.Nd2b3 Ng8e7
13.Be3h6 b5
14.c5 dxc5
15.Nb3xc5 Qd8d4
16.Ra1c1 Qd4xc3
17.Rc1xc3 Be6xa2
18.Bh6g7 Rh8g8
19.Bg7xf6 Nc6xb4
20.Bf6xe5 c6
21.Be2g4 h5
22.Bg4h3 a5
23.O-O Ba2c4
24.Rf1b1 Nb4a2
25.Rc3f3 a4
26.Rb1d1 Bc4e2
27.Bh3d7 { resign }
1-0

[Event "Tourn. n8668"]
[Site "www.chess-mail.com"]
[Date "2016.04.27"]
[Round "1"]
[White "Panham"]
[Black "Piekki"]
[WhiteElo "2200"]
[BlackElo "2000"]
[Result "1-0"]
[Round "1"]
1.e4 e5
2.Ng1f3 Ng8f6
3.Nf3xe5 d6
4.Ne5f3 Nf6xe4
5.d4 d5
6.Bf1d3 Nb8c6
7.O-O Bf8e7
8.Rf1e1 Bc8f5
9.c3 Qd8d7
10.Qd1c2 O-O
11.Nb1d2 Ne4xd2
12.Bc1xd2 Bf5xd3
13.Qc2xd3 Ra8e8
14.Re1e2 Be7f6
15.Ra1e1 a6
16.Bd2f4 Re8xe2
17.Re1xe2 Bf6e7
18.Bf4e5 Rf8e8
19.Qd3d2 Qd7d8
20.Be5g3 Re8f8
21.Qd2c2 Nc6a7
22.Nf3e5 Na7c8
23.Ne5d3 Nc8d6
24.Bg3xd6 Be7xd6
25.Qc2b3 Qd8h4
26.g3 Qh4h5
27.Re2e1 f5
28.Qb3xd5 { resign }
1-0

[Event "Tourn. n8750"]
[Site "www.chess-mail.com"]
[Date "2016.04.27"]
[Round "1"]
[White "Bojan"]
[Black "Attatroll"]
[WhiteElo "1880"]
[BlackElo "1950"]
[Result "1-0"]
[Round "1"]
1.c4 Ng8f6
2.b4 e5
3.a3 d5
4.e3 a5
5.Bc1b2 axb4
6.axb4 Ra8xa1
7.Bb2xa1 Bf8xb4
8.Ba1xe5 O-O
9.Nb1c3 dxc4
10.Bf1xc4 Nb8c6
11.Be5d4 Nc6xd4
12.exd4 Rf8e8
13.Ng1e2 Qd8xd4
14.Qd1b3 Bb4xc3
15.Bc4xf7 Kf8
16.dxc3 Re8xe2
17.Kxe2 Bc8g4
18.f3 Qd4e5
19.Kd2 Qe5d6
20.Kc1 Bg4f5
21.Bf7c4 Qd6f4
22.Kb2 Qf4d2
23.Ka3 Bf5c2
24.Qb3b2 Qd2xg2
25.Rh1e1 Bc2g6
26.Qb2xg2 { resign }
1-0

[Event "Match"]
[Site "www.echecsemail.com"]
[Date "2016.04.27"]
[Round "1"]
[White "Stevep84"]
[Black "Difficult"]
[WhiteElo "2200"]
[BlackElo "1890"]
[Result "1/2-1/2"]
[Round "1"]
1.e4 e6
2.d4 d5
3.Nb1c3 dxe4
4.Nc3xe4 Bc8d7
5.Ng1f3 Bd7c6
6.Bf1d3 Nb8d7
7.O-O Ng8f6
8.Ne4g3 Bf8d6
9.Rf1e1 Bd6xg3
10.fxg3 O-O
11.Bc1g5 h6
12.Bg5e3 Nf6d5
13.c4 Nd5xe3
14.Re1xe3 Nd7f6
15.Bd3c2 Bc6xf3
16.gxf3 c6
17.Bc2b3 Qd8c7
18.Ra1c1 Rf8d8
19.Re3d3 Ra8c8
20.d5 cxd5
21.Qd1e2 dxc4
22.Rc1xc4 Qc7e7
23.Rd3c3 Rc8xc4
24.Qe2xc4 g6
25.Qc4c7 Qe7xc7
26.Rc3xc7 Rd8d7
27.Rc7c2 { draw }
1/2-1/2

[Event "Match"]
[Site "www.echecsemail.com"]
[Date "2016.04.27"]
[Round "1"]
[White "Daquata"]
[Black "Blackpool"]
[WhiteElo "1670"]
[BlackElo "1740"]
[Result "1-0"]
[Round "1"]
1.e4 e5
2.Ng1f3 d6
3.d4 exd4
4.Nf3xd4 Ng8f6
5.Nb1c3 Bf8e7
6.Bf1e2 O-O
7.O-O a6
8.Bc1f4 b5
9.Be2f3 Bc8b7
10.e5 { resign }
1-0

[Event "Match"]
[Site "www.echecsemail.com"]
[Date "2016.04.27"]
[Round "1"]
[White "Pinehill"]
[Black "Coventry"]
[WhiteElo "2050"]
[BlackElo "1860"]
[Result "0-1"]
[Round "1"]
1.e4 c5
2.Ng1f3 Nb8c6
3.d4 cxd4
4.Nf3xd4 Ng8f6
5.Nb1c3 e5
6.Nd4b3 Bf8b4
7.Bc1d2 d5
8.exd5 Nf6xd5
9.Nc3xd5 Qd8xd5
10.c3 Bb4e7
11.Qd1h5 O-O
12.O-O-O Qd5e6
13.Bf1d3 g6
14.Qh5e2 a5
15.Bd2h6 Rf8e8
16.Bd3b5 a4
17.Bb5c4 Qe6f6
18.Nb3a1 Bc8e6
19.Bc4b5 a3
20.b3 Re8c8
21.h4 Nc6d4
22.Rd1xd4 exd4
23.Bh6g5 Rc8xc3
24.Kd1 d3
25.Bb5xd3 Rc3xd3
26.Qe2xd3 Qf6xa1
27.Ke2 Qa1xh1
28.Bg5xe7 Be6f5
29.Qd3g3 Qh1b1
30.Qg3g5 Qb1d3
31.Ke1 Ra8e8
32.f3 Qd3d7
{ resign }
0-1

[Event "Match"]
[Site "www.echecsemail.com"]
[Date "2016.04.27"]
[Round "1"]
[White "Rindrandria"]
[Black "Ranjachess"]
[WhiteElo "1570"]
[BlackElo "1760"]
[Result "1-0"]
[Round "1"]
1.g3 e5
2.Nb1c3 d5
3.f3 d4
4.Nc3e4 Qd8d5
5.Bf1g2 Bf8e7
6.d3 f5
7.c4 Qd5e6
8.Bg2h3 Ng8f6
9.Ne4g5 Qe6b6
10.f4 Nb8c6
11.Bh3g2 h6
12.Ng5h3 e4
13.dxe4 fxe4
14.Nh3f2 e3
15.Nf2d3 Bc8f5
16.Nd3e5 Be7b4
17.Kf1 Nc6xe5
18.fxe5 Nf6g4
19.Ng1h3 Ng4xe5
20.a3 Bb4d6
21.b4 Ne5xc4
22.Qd1b3 Nc4e5
23.Nh3f4 O-O-O
24.Nf4d5 Qb6b5
25.Bc1xe3 dxe3
26.Qb3xe3 c6
27.Ra1c1 Ne5c4
28.Qe3d4 Bf5e6
29.Rc1xc4 Kb8
30.Nd5c3 Qb5f5
31.Bg2f3 Be6xc4
32.Qd4xc4 Bd6e5
33.Kg2 Be5xc3
34.Qc4xc3 g5
35.g4 Qf5f7
36.a4 Rh8g8
37.b5 Rd8f8
38.bxc6 Rf8c8
39.Qc3e5 Qf7c7
40.Qe5f6 bxc6
41.Qf6xh6 c5
42.Rh1b1 Qc7b6
43.Rb1xb6 axb6
44.Qh6xb6 
1-0

[Event "Match"]
[Site "www.echecsemail.com"]
[Date "2016.04.27"]
[Round "1"]
[White "Amo"]
[Black "Fangshuo"]
[WhiteElo "1809"]
[BlackElo "2050"]
[Result "0-1"]
[Round "1"]
1.Ng1f3 d5
2.e3 Ng8f6
3.b3 Bc8g4
4.c4 e6
5.Nb1c3 Bf8b4
6.Bc1b2 Nb8c6
7.Bf1e2 Bb4xc3
8.Bb2xc3 Nf6e4
9.Bc3xg7 Rh8g8
10.Bg7h6 Bg4xf3
11.Be2xf3 Qd8h4
12.Bf3xe4 dxe4
13.Bh6f4 Rg8xg2
14.Bf4g3 Qh4h3
15.Bg3xc7 Nc6b4
16.d4 Nb4d3
17.Kd2 Rg2xf2
18.Kc3 Qh3xe3
19.Qd1h5 Nd3f4
{ resign }
0-1